00409 2200157 4500001002100000008004100021035002000062245004600082100001900128260002600147300002200173020002200195084001400217082000800231990001200239INLIS000000000002880 IND  a0010-0925000227 aCatatan Hati Seorang AyahcRembulan Ratri aRembulan Ratri aJakartabNuansac2016 a152c(13 x 19 cm) a978-602-73112-9-9 a813 REM c a813 a0755102